Anime of the Year (2016) - 3rd Anime Trending Awards - Statistics

General Stats
  • This quiz has been taken 5 times
  • The average score is 5 of 15
Answer Stats
Hint Answer Season Source Studio Votes % % Correct
12 My Hero Academia 2016 Spring Manga Bones 209 2.51%
100%
8 Haikyuu!! S3 2016 Fall Manga Production I.G 475 5.71%
80%
2 Re:Zero - Starting Life in Another World 2016 Spring Light novel White Fox 1184 14.24%
80%
6 Jojo's Bizarre Adventures: Diamond is Unbreakable 2016 Spring Manga David Production 551 6.62%
60%
9 KonoSuba 2016 Winter Light novel Studio DEEN 434 5.22%
60%
10 Food Wars! Shokugeki no Souma: The Second Plate 2016 Summer Manga JC Staff 264 3.17%
40%
3 Yuri on Ice! 2016 Fall Original MAPPA 1113 13.38%
40%
7 Bungou Stray Dogs 2016 Spring Manga Bones 476 5.72%
20%
4 ERASED 2016 Winter Manga A-1 Pictures 972 11.69%
20%
13 Snow White with the Red Hair S2 2016 Winter Manga Bones 127 1.53%
20%
11 Tales of Zestiria the X 2016 Summer Game ufotable 252 3.03%
20%
15 Kabaneri of the Iron Fortress 2016 Spring Original WIT Studio 34 0.41%
0%
5 Kiznaiver 2016 Spring Original Trigger 823 9.90%
0%
1 Natsume's Book of Friends S5 2016 Fall Manga Shuka 1334 16.04%
0%
14 Tanaka-kun is Always Listless 2016 Spring Web manga Silver Link 69 0.83%
0%
No matching quizzes found
Score Distribution
Percent of People with Each Score
Percentile by Number Answered
Your Score History
You have not taken this quiz